| 000 | 00439cam a2200181ua 4500 | ||
|---|---|---|---|
| 020 | _c42.50 | ||
| 041 |
_aeng _h |
||
| 082 |
_a670.423 _bKAP/WO |
||
| 100 | _aKapildev, . | ||
| 245 |
_aWorkshop calculation and science / _cKapildev. _hTextual Documents |
||
| 250 |
_a2 / _b. |
||
| 260 |
_aDelhi : _bAsia Publishing House , _c1993. |
||
| 300 | _a536 ; . | ||
| 365 | _a42.50 | ||
| 504 | _a | ||
| 942 | _cBK | ||
| 999 |
_c2477 _d2477 |
||